| 000 | 00394pab a2200145 454500 | ||
|---|---|---|---|
| 008 | 180718b2002 xxu||||| |||| 00| 0 eng d | ||
| 100 | _aJafri, S.S.A. | ||
| 245 | _aSocio-economic conditions of the Hindu OBCs in urban areas of Uttar Pradesh | ||
| 260 | _c2002 | ||
| 300 | _ap.231-44. | ||
| 362 | _aApr-Sep | ||
| 650 | _aBackward classes | ||
| 773 | _aEastern Anthropologist | ||
| 909 | _a59968 | ||
| 999 |
_c59968 _d59968 |
||